000 00285nam a2200109Ia 4500
008 220120s9999||||xx |||||||||||||| ||und||
100 _aYoganarasimhan, B.N
245 0 _aNetwork analysis
260 _aShiva book centre
_bNew Delhi
_c2007
300 _b0
650 _aPROGRAMMING LANGUAGE
999 _c136765
_d136765